Szczegóły MARC21

Needed research in American dialects /

003 -Nazwa inst., której nr kontr. jest w polu 001 [,]
    • @
    • Nazwa instytucji, której n kontrolny jest w polu 001
    • NUKAT
005 -DATA I CZAS OSTATNIEJ MODYFIKACJI [,]
    • @
    • pole kontrolne
    • 20241231101213.0
020 -Międzynarod. znormalizowany nr książki - ISBN [ , ]
    • a
    • Numer ISBN
    • 0822365944 Find
040 -Instytucja sporządzająca opis [ , ]
    • a
    • Instytucja, która sporządziła opis (NP)
    • WA U/50AWJ
    • c
    • Instytucja, która sporządziła rekord (NP)
    • WA U/AWJ
    • d
    • Instytucja, która zmodyfikowała rekord (P)
    • WA U/AWJ
    • d
    • Instytucja, która zmodyfikowała rekord (P)
    • SZCZ U/MLs
942 -Rodzaj dokumentu [ , ]
    • c
    • Rodzaj dokumentu
    • Książka
100 -Hasło główne - nazwa osobowa [1, ]
    • a
    • Nazwa osobowa (NP)
    • Preston, Dennis Richard
    • d
    • Daty biograficzne (NP)
    • (1940- ).
    • 9
    • KHW
    • 406272
245 -Strefa tytułu i oznaczenia odpowiedzialności [1,0]
    • a
    • Tytuł
    • Needed research in American dialects / Find
    • c
    • Pozostałe elementy strefy tytułu i oznaczenia odpowiedzialności (NP)
    • Dennis R. Preston.
260 -Strefa adresu wydawniczego [ , ]
    • a
    • Miejsce wydania (P)
    • Durham :
    • b
    • Nazwa wydawcy (P)
    • Duke University Press,
    • c
    • Data wydania (P)
    • cop. 2003.
300 -Strefa opisu fizycznego [ , ]
    • a
    • Określenie formy książki i/lub objętość (NP)
    • XII, 261 s. ;
    • c
    • Format (NP)
    • 24 cm.
336 -Typ zawartości [ , ]
    • a
    • Termin opisujący typ zawartości
    • Tekst
    • b
    • Kod określający zawartość
    • txt
    • 2
    • Źródło (terminu i kodu)
    • rdacontent
337 -Typ mediów [ , ]
    • a
    • Tryb odtwarzania
    • Bez urządzenia pośredniczącego
    • b
    • Kod typu mediów
    • n
    • 2
    • Źródło (terminu i kodu)
    • rdamedia
338 -Typ/rodzaj nośnika [ , ]
    • a
    • Hasło opisujące typ nośnika
    • Wolumin
    • b
    • Kod typu nośnika
    • nc
    • 2
    • Źródło (terminu i kodu)
    • rdacarrier
490 -Strefa serii i książki wielotomowej - forma nie do wyszukiwania [1, ]
    • a
    • Tytuł (P)
    • Publication of the American Dialect Society ; Find
    • v
    • Numeracja (P)
    • No 88
830 -Hasło dodatkowe serii i opisu książki wielotomowej - tytuł ujednolicony/tytuł [ ,0]
    • a
    • Tytuł ujednolicony/tytuł (NP)
    • Publication of the American Dialect Society
    • v
    • Oznaczenie tomu (NP)
    • Nno 88
    • 9
    • KHW
    • 406273
500 -Uwaga ogólna [ , ]
    • a
    • Uwaga ogólna (NP)
    • Wydane dla The American Dialect Society przez Duke University Press.
500 -Uwaga ogólna [ , ]
    • a
    • Uwaga ogólna (NP)
    • Jest to roczny suplement do American Speech.
504 -Uwaga dot. bibliogr. załącznikowej [ , ]
    • a
    • Uwaga dot. bibliografii załącznikowej
    • Bibliogr. przy rozdz.
650 -Hasło przedmiotowe [ ,7]
    • a
    • Hasło przedmiotowe
    • Język angielski
    • x
    • Określnik rzeczowy
    • dialekty
    • z
    • Określnik geograficzny
    • Kanada.
    • 2
    • Źródło terminu
    • kaba
    • 9
    • KHW
    • 424672
650 -Hasło przedmiotowe [ ,7]
    • a
    • Hasło przedmiotowe
    • Język angielski (amerykański)
    • x
    • Określnik rzeczowy
    • dialekty.
    • 2
    • Źródło terminu
    • kaba
    • 9
    • KHW
    • 112974
650 -Hasło przedmiotowe [ ,7]
    • a
    • Hasło przedmiotowe
    • Język angielski
    • x
    • Określnik rzeczowy
    • odmiany języka.
    • 2
    • Źródło terminu
    • kaba
    • 9
    • KHW
    • 112999
710 -Hasło dodatkowe - nazwa ciała zbiorowego [2, ]
    • a
    • Nazwa ciała zbiorowego lub nazwa geograficzna jako pierwszy element (NP)
    • Duke University Press.
    • 4
    • Kod relacji
    • pbl
    • 9
    • KHW
    • 67786
710 -Hasło dodatkowe - nazwa ciała zbiorowego [2, ]
    • a
    • Nazwa ciała zbiorowego lub nazwa geograficzna jako pierwszy element (NP)
    • American Dialect Society.
    • 9
    • KHW
    • 424668
920 -ISBN [ , ]
    • a
    • ISBN
    • 0-8223-6594-4 Find
Data inwentaryzacji Lokalizacja Status udost. Numer inwentarzowy Sygnatura
2017-02-28BM1P.25604ANG. Odmiany jęz. ang. 31